000 00775cab a22002055a 4500
001 L159109
008 160129e20160123xxk 000 0 eng d
035 _a(Sirsi) u159109
041 0 _aeng
100 1 _aTaylor, Kate
245 0 2 _aA taxing subject
260 _c2015
490 _aEstates Gazette
_v(1603) 23 January 2016, 74-75(2)
520 _aDescribes how best to demonstrate the Local Tax competency to APC Assessors. Points out how this area is extremely important to the public purse as well as individual businesses property costs. Gives information and advice about the three levels of this competency and further useful resources.
590 _aKA
650 2 4 _aAPC
_96216
651 4 _aUnited Kingdom
690 _aFinance & Taxation
_96241
942 _n0
999 _c84804
_d84804